Reform of council housing finance (Record no. 109878)
[ view plain ]
| 000 -LEADER | |
|---|---|
| fixed length control field | 01600cad a22002535a 4500 |
| 001 - CONTROL NUMBER | |
| control field | E148099 |
| 008 - FIXED-LENGTH DATA ELEMENTS--GENERAL INFORMATION | |
| fixed length control field | 090723s2009 xxk f f000 0 eng d |
| 020 ## - INTERNATIONAL STANDARD BOOK NUMBER | |
| International Standard Book Number | 9781409817086 |
| 035 ## - SYSTEM CONTROL NUMBER | |
| System control number | (Sirsi) u148099 |
| 041 0# - LANGUAGE CODE | |
| Language code of text/sound track or separate title | eng |
| 050 04 - LIBRARY OF CONGRESS CALL NUMBER | |
| Classification number | 306.1 $2 18 |
| 110 2# - MAIN ENTRY--CORPORATE NAME | |
| Corporate name or jurisdiction name as entry element | United Kingdom |
| Subordinate unit | Department for Communities and Local Government |
| 9 (RLIN) | 4939 |
| 245 00 - TITLE STATEMENT | |
| Title | Reform of council housing finance |
| Remainder of title | consultation |
| Medium | [electronic resource] |
| 260 ## - PUBLICATION, DISTRIBUTION, ETC. | |
| Place of publication, distribution, etc. | London |
| Name of publisher, distributor, etc. | DCLG |
| Date of publication, distribution, etc. | 2009 |
| 505 2# - FORMATTED CONTENTS NOTE | |
| Formatted contents note | Foreword -- Scope of the consultation -- Basic information -- Background -- Consultation criteria -- Executive summary -- Section 1 The review -- Section 2 The current housing finance system -- Section 3 Costs and standards of council housing in future -- Section 4 Options for fundamental reform of the system -- Section 5 Implementing reforms -- Appendices |
| 520 ## - SUMMARY, ETC. | |
| Summary, etc. | Seeks views on government plans to replace the current Housing Revenue Account subsidy system with a devolved system of self-financing for local authorities, which would require a one-off allocation of housing debt, following which councils would be able to keep all their rental income. Another option involves the retention and improvement of the current system. |
| 520 ## - SUMMARY, ETC. | |
| Summary, etc. | Deadline for comments is 27 October 2009. |
| 521 ## - TARGET AUDIENCE NOTE | |
| Target audience note | Advanced |
| 590 ## - LOCAL NOTE (RLIN) | |
| Local note | KA |
| 651 #4 - SUBJECT ADDED ENTRY--GEOGRAPHIC NAME | |
| Geographic name | England |
| Chronological subdivision | 886- |
| 690 ## - LOCAL SUBJECT ADDED ENTRY--TOPICAL TERM (OCLC, RLIN) | |
| Topical term or geographic name as entry element | PROPERTY-RESIDENTIAL PROPERTY-DOMESTIC RESIDENTIAL PROPERTY-HOUSING |
| 856 40 - ELECTRONIC LOCATION AND ACCESS | |
| Uniform Resource Identifier | <a href="https://www.communities.gov.uk/publications/housing/councilhousingconsultation">https://www.communities.gov.uk/publications/housing/councilhousingconsultation</a> |
| Public note | View the consultation free of charge at www.communities.gov.uk... |
| 942 ## - ADDED ENTRY ELEMENTS (KOHA) | |
| Suppress in OPAC | 0 |
| Withdrawn status | Lost status | Source of classification or shelving scheme | Damaged status | Not for loan | Home library | Current library | Shelving location | Date acquired | Total Checkouts | Full call number | Barcode | Date last seen | Copy number | Price effective from | Koha item type |
|---|---|---|---|---|---|---|---|---|---|---|---|---|---|---|---|
| Dewey Decimal Classification | Virtual | Virtual | Online | 23/07/2009 | ONLINE PUBLICATION | 148099-2001 | 06/08/2019 | 1 | 06/08/2019 | Book |